Culture Générale - Série 2373 - Statistiques

Statistiques générales
  • Ce quiz a été pris 86 fois
  • Le résultat moyen est 4 sur 10
Statistiques - réponses
Question Réponse % Correct
Dans quelle ville française se trouvent l’île de la Cité et l’île Saint-Louis ? Paris
95%
Quel est l'emblème de la ville de Belfort (90) ? lion
73%
Quelle ville du Doubs abrite les usines automobiles Peugeot ? Sochaux
46%
Quel est le prénom de la chanteuse et actrice (1927-2020), qui était surnommée "La muse de Saint Germain des Prés" ? Juliette
40%
Odette et Édouard sont un couple d'instituteurs français ayant conçu un manuel d'exercices orthographiques et grammaticaux utilisé dans les écoles françaises à qui ils ont donné leur nom. Quel est-il ? Bled
39%
Quel village du département du Doubs a la particularité d'être le plus froid de France ? Mouthe
39%
Comment appelle-t-on la colonne sur laquelle s’affichent les spectacles parisiens ? L'homonyme est un prénom masculin Morris
34%
Quel est le prénom de l'harmoniciste (1922-2011) qui a présenté à la télévision "Âge tendre et tête de bois", dans les années 1960 ? voir photo Albert
25%
Quel est le prénom du personnage qui figure sur nos anciens billets de 100 francs ? Eugène
18%
Quel est le prénom du réalisateur français (1923-2001) qui a présenté à la télévision "Le théâtre de la jeunesse" de 1960 à 1969 ? Claude
9%
Aucun quiz correspondant
Distribution des résultats
% des personnes avec chaque résultat
Percentile par nombre de réponses
Votre historique - résultats
Vous n’avez pas pris ce quiz